01670pab a2200169 454500008004000000100003000040245012600070260000900196300001500205520115500220650001901375650002201394650002501416650001601441700001701457773002601474180718b2018 xxu||||| |||| 00| 0 eng d aForman-Rabinovici, Aliza  aReproductive health policy-makers: comparing the influences of international and domestic institutions on abortion policy c2018 ap.185-199. aDo policies protecting women's rights correspond with norm change at the state level or the level of international institutions? We examine this question, comparing domestic and international institutional activity in correlation with reproductive health policy change, specifically, abortion access policy. At the domestic level, we examine female legislators and policies set to encourage gender equality, namely, electoral gender quotas. In the international arena, our theory distinguishes regional from international inter-governmental bodies. Original data with measurement innovations introduced here?including the Comparative Abortion Policy Index (CAPI1 and CAPI2)?are analysed for over 150 countries for close to two decades. We find a heretofore-overlooked relationship between international entities and reproductive health. Gender quotas, however, do not correspond with the general association between female representation and pro-women policy. When researchers and policy-makers consider gender quotas to promote women's rights, they may be advised to encourage female political participation through more organic means. - Reproduced. aWomen's rights aAbortion - Policy aHealth care - Policy aHealth care aSommer, Udi  aPublic Administration